Les brésiliens en Ligue 1 (2020-2026) - Statistiques

Statistiques générales
  • Ce quiz a été pris 29 fois
  • Le résultat moyen est 19 sur 56
Statistiques - réponses
Nb de saisons Clubs Joueur % Correct
6 Nice (2020-2026) Dante
89%
6 Paris SG (2020-2026) Marquinhos
89%
1 Nantes (2023-2024) Marquinhos
89%
3 Paris SG (2020-2023) Neymar
79%
5 Monaco (2021-2026) Vanderson
75%
6 Monaco (2020-2026) Caio Henrique
71%
2 St-Etienne (2020-2022) Gabriel Silva
71%
4 Lorient (2021-2024, 2025-2026) Igor Silva
71%
2 Lyon (2020-2022) Bruno Guimarães
64%
1 Lyon (2025-2026) Endrick
61%
1 Marseille (2025-2026) Igor Paixão
61%
3 Paris-SG (2023-2026) Lucas Beraldo
61%
3 Lyon (2020-2023) Lucas Paqueta
61%
3 Lyon (2021-2024) Henrique
57%
4 Marseille (2020-2022, 2023-2025) Luis Henrique
57%
3 Lyon (2020-2021), Brest (2020-2021), Monaco (2021-2023) Jean Lucas
54%
2 Strasborug (2023-2025) Andrey Santos
50%
3 Lyon (2020-2023) Thiago Mendes
50%
4 Lille (2022-2026) Alexsandro
43%
2 Lyon (2024-2026) Abner
39%
1 Lyon (2020-2021) Fernando Marçal
36%
1 Rennes (2020-2021) Raphinha
36%
1 Lyon (2024-2025) Lucas Perri
32%
2 Lyon (2020-2022), Bordeaux (2021-2022) Marcelo
32%
1 Reims (2024-2025) Gabriel Moscardo
29%
1 Metz (2021-2022) Jemerson
29%
2 Paris-SG (2020-2022) Rafinha
29%
1 Strasbourg (2023-2024) Ângelo Gabriel
25%
2 Bprdeaux (2020-2022) Otavio
25%
1 Paris FC (2025-2026) Otavio
25%
2 Lyon (2021-2023) Tetê
25%
3 Nantes (2020-2023) Andrei Girotto
21%
2 Lyon (2022-2024) Jeffinho
21%
1 Toulouse (2025-2026) Emersonn
18%
1 Montpellier (2020-2021) Hilton
18%
1 Lille (2020-2021) Luiz Araujo
18%
1 Marseille (2023-2024) Renan Lodi
18%
2 Lyon (2023-2025) Adryelson
14%
2 Nantes (2023-2025) Douglas Augusto
14%
2 Marseille (2021-2023) Gerson
14%
3 Lille (2022-2025) Ismaily
14%
1 Marseille (2021-2022) Luan Peres
14%
2 Nice (2020-2022) Danilo Barbosa
11%
2 Auxerre (2022-2023, 2024-2025) Jubal
11%
2 Nantes (2020-2022) Fabio
7%
2 Lille (2021-2023) Léo Jardim
7%
1 Nice (2020-2021) Robson Bambu
7%
2 Clermont (2022-2024) Neto Borges
4%
1 Bordeaux (2020-2021) Pablo
4%
1 Toulouse (2022-2023) Rafael Ratão
4%
1 Nantes (2023-2024) Adson
0%
1 Rennes (2020-2021) Dalbert
0%
1 Bordeaux (2021-2022) Fransérgio
0%
1 Nantes (2022-2023) João Victor
0%
1 Montpellier (2021-2022) Matheus Thuler
0%
1 Ajaccio (2022-2023) Ruan
0%
Aucun quiz correspondant
Distribution des résultats
% des personnes avec chaque résultat
Percentile par nombre de réponses
Votre historique - résultats
Vous n’avez pas pris ce quiz